My hero academia quiz - Statistics

General Stats
  • This quiz has been taken 290 times
  • The average score is 12 of 15
Answer Stats
Hint Answer % Correct
what is izuku midoriyas hero name? deku
100%
Who was the symbol of peace? all might
98%
What class is deku in? 1a
96%
who is all mights enemy? all for one
92%
what color is mina’s skin? pink
92%
Who’s quirk is fat absorption? fat gum
89%
What is the hero killers name? stain
89%
Which villain can make clones? twice
88%
what color is nejire hado’s hair? blue
87%
who has an explosion quirk? Katsuki bakugo
77%
Who won the sports festiva? Katsuki bakugo
77%
what is tamaki’s hero name? sun eater
71%
who teaches class 1b? vlad king
68%
what is dabi’s quirk? cremation
64%
who has a tail? Mashirao ojiro
42%
No matching quizzes found
Score Distribution
Percent of People with Each Score
Percentile by Number Answered
Your Score History
You have not taken this quiz